[Event "Outaouais-ch"]
[Site "Hull"]
[Date "1995.04.16"]
[Round "1"]
[White "Maisonneuve, Paul"]
[Black "Maric, Bosco"]
[Result "0-1"]
[WhiteElo "1496"]
[BlackElo "1067"]
[PlyCount "70"]
[EventDate "1995.04.16"]
[EventType "tourn"]
[EventRounds "7"]
[EventCountry "CAN"]
[SourceTitle "EXT 2022"]
[Source "ChessBase"]
[SourceDate "2021.10.06"]
[SourceVersion "1"]
[SourceVersionDate "2021.10.06"]
[SourceQuality "1"]

1. d4 Nf6 2. Nf3 g6 3. Bf4 c5 4. c3 b6 5. e3 Bg7 6. h4 Bb7 7. Bd3 d6 8. Nbd2 Nbd7 9. Qe2 0-0 10. a4 Re8 11. Bb5 a6 12. Bc4 e5 13. dxe5 Nxe5 14. 0-0 Nxf3+ 15. Nxf3 d5 16. Rfd1 Qe7 17. Bb3 Rad8 18. Rac1 Ne4 19. Ng5 Nf6 20. Bc2 h6 21. Nf3 Ne4 22. h5 g5 23. Bh2 Rd7 24. Bxe4 Qxe4 25. Qc2 Qg4 26. c4 d4 27. Bg3 Bxf3 28. gxf3 Qxf3 29. exd4 Bxd4 30. Re1 Qxg3+ 31. Kf1 Qh3+ 32. Kg1 Qg4+ 33. Kf1 Rde7 34. Rxe7 Rxe7 35. Re1 Qh3+ 0-1